Gamer Quiz - Statistiken

Allgemein
  • Dieses Quiz wurde 937 mal gespielt
  • Das Durchschnittsergebnis liegt bei 5 aus 8
Antwortstatistiken
Hint Antwort % Korrekt
Wie viele Holzbretter braucht man in Minecraft für eine Werkbank? 4
98%
Im welchem Jahr erschien Cyberpunk 2077? 2020
92%
Was ist der Endboss von Minecraft? Enderdrache
88%
Wie viel Eisen braucht man insgesamt für einen Amboss in Minecraft? 31
78%
Wie viele Fraktionen gibt es in Heroes of Night and Magic VII (Ohne Erweiterungen)? 6
74%
Im welchem Jahr ist veröffentlichte Atari das Videospiel Pong? 1972
63%
Wie heißt der Drache in Super Mario Odyssey? Herr der Blitze
5%
Wie heißt die Heldin die Illidan in WoW töten will? Maiev Shadowsong
3%
Keine übereinstimmenden Quizze gefunden
Verteilung der Resultate
Anzahl Personen mit jedem Resultat
Perzentil nach korrekt beantworteten Fragen
Ihre Resultats-Entwicklung
Sie haben dieses Quiz noch nicht gespielt